Hajpster žurnál

Bibliographic Details
Format: Journal
Language:Slovak
PhysicalDescription:1 zv. 23 cm
Published: Bratislava Gennot 2017
ISBN:9788097251116 (brož. : 1/2017)
Subjects:

MARC

LEADER 00000cas a2200000 a 4500
001 vtls011707038
003 SK-MaSNL
005 20260228164254.0
008 170816d20172017xo fr p 001 b0slo
015 |a SNBB2018-(1/2017) 
020 |a 9788097251116 (brož. : 1/2017) 
040 |a SVKPO  |b slo  |c SVKPO  |d SVKBB  |d SNK  |e AACR2 
041 0 |a slo 
044 |a xo  |c SK 
072 7 |a 316.7  |x Sociológia kultúry. Kultúrny život  |2 konspekt 
080 |a 32  |2 2011 
080 |a 33  |2 2011 
080 |a (051)-048.55  |2 2011 
080 |a 050  |2 2011 
080 |a 316.728  |2 2011 
080 |a 316.7  |2 2011 
080 |a 316.3  |2 2011 
210 0 |a Hajpster 
222 0 |a Hajpster 
245 0 0 |a Hajpster  |b žurnál 
246 3 3 |a Hajpster žurnál 
260 |a Bratislava  |b Gennot  |c 2017 
300 |a 1 zv.  |c 23 cm 
310 |a 2x ročne 
362 0 |a Roč. 1, č. 1 (2017) 
650 0 7 |a politika  |2 SNKPH  |9 968 
650 0 7 |a ekonómia  |2 SNKPH  |9 788 
650 0 7 |a Style of life  |2 SNKPHeng  |9 265362 
650 0 7 |a Culture  |2 SNKPHeng  |9 265082 
650 0 7 |a životný štýl  |2 SNKPH  |9 1704 
650 0 7 |a kultúra  |2 SNKPH  |9 886 
650 0 7 |a spoločnosť  |2 SNKPH  |9 1013 
650 0 7 |a Society  |2 SNKPHeng  |9 265080 
650 0 7 |a Politics  |2 SNKPHeng  |9 265606 
650 0 7 |a Economics  |2 SNKPHeng  |9 265310 
655 7 |a špecializované časopisy  |2 SNKPH  |9 70509 
655 7 |a Specialized magazines  |2 SNKPHeng  |9 266103 
910 |a snk 
910 |a svkbb 
910 |a svkpo 
916 |a 2017 
919 |a 978-80-972511-1-6 
999 |c 12969  |d 14899 
952 |0 0  |1 0  |4 0  |7 0  |8 0  |a SNK  |b SNK  |d 2018-01-23  |f 1  |i snk2018/1922  |l 0  |o snkČSC 3783/1/[2017]  |p 17A1266661  |r 2026-02-21 22:25:59  |w 2026-02-21  |y PREZ 
952 |0 0  |1 0  |4 0  |7 0  |8 0  |a SNK  |b SNK  |d 2018-01-23  |i snk2018/1925  |l 0  |o snkČSC 3783/1/[2017] D1  |p 17A1266662  |r 2026-02-21 22:25:59  |w 2026-02-21  |y PREZ